Balances falsos (Registro nro. 1918)
[ vista simple ]
| 000 -LEADER | |
|---|---|
| fixed length control field | 01378 a2200217 4500 |
| 001 - CONTROL NUMBER | |
| control field | 29639 |
| 005 - DATE AND TIME OF LATEST TRANSACTION | |
| control field | 20260407155606.0 |
| 008 - FIXED-LENGTH DATA ELEMENTS--GENERAL INFORMATION | |
| fixed length control field | 260407a1955 arg spa d |
| 003 - CONTROL NUMBER IDENTIFIER | |
| control field | AR-UNSa-BCEJYS |
| 040 ## - CATALOGING SOURCE | |
| Original cataloging agency | AR-UNSa-BCEJYS |
| Language of cataloging | spa |
| Transcribing agency | AR-UNSa-BCEJYS |
| 080 ## - UNIVERSAL DECIMAL CLASSIFICATION NUMBER | |
| Universal Decimal Classification number | 657.62 |
| Common auxiliary subdivision | Análisis de balances. Comprobación de balances (Balances falsos) |
| 041 ## - LANGUAGE CODE | |
| Language code of text/sound track or separate title | spa |
| 100 1# - MAIN ENTRY--PERSONAL NAME | |
| Personal name | Cholvis, Francisco |
| 245 10 - TITLE STATEMENT | |
| Title | Balances falsos |
| 250 ## - EDITION STATEMENT | |
| Edition statement | 2a. ed |
| 264 #1 - PRODUCTION, PUBLICATION, DISTRIBUTION, MANUFACTURE, AND COPYRIGHT NOTICE | |
| Place of production, publication, distribution, manufacture | Buenos Aires : |
| Name of producer, publisher, distributor, manufacturer | Prometeo Libros |
| Date of production, publication, distribution, manufacture, or copyright notice | 1955 |
| 300 ## - PHYSICAL DESCRIPTION | |
| Extent | 181 p. |
| Dimensions | 23 cm. |
| 505 ## - FORMATTED CONTENTS NOTE | |
| Formatted contents note | 1. Balances falsos - 2. Legislación sobre balances falsos - 3. Procedimientos de revisión de cuentas - 4. Fraudes que se cometen con el activo disponile - 5. Fraudes urdidos con los bienes de cambio - 6. Fraudes que se practican con los créditos a favor de la empresa - 7. Fraudes que se pueden cometer con las cuentas del activo fijo - 8. Fraudes que se cometen con otras cuentas activas - 9. Fraudes que pueden realizarse con deudas - 10. Fraudes que afectan al capital y a las reservas - 11. Fraudes que gravitan en las cuentas de resultados positivos - 12. Fraudes en los costos, gastos y cargas de explotación - 13. La interpretación de los balances y las maniobras dolosas - 14. Ejemplos de los balances falsos - 15. La fe pública y la certificación de balances |
| 590 ## - LOCAL NOTE (RLIN) | |
| Local note | niveau_biblio:m niveau_hierar:0 |
| 942 ## - ADDED ENTRY ELEMENTS (KOHA) | |
| Koha item type | |
| Withdrawn status | Lost status | Damaged status | Not for loan | Home library | Current library | Shelving location | Date acquired | Total checkouts | Full call number | Barcode | Date last seen | Price effective from | Koha item type |
|---|---|---|---|---|---|---|---|---|---|---|---|---|---|
| Biblioteca Prof. Eusebio Cleto del Rey | Biblioteca Prof. Eusebio Cleto del Rey | 07/04/2026 | 657.62 C547 | L12850 | 07/04/2026 | 07/04/2026 | Libro | ||||||
| Biblioteca Prof. Eusebio Cleto del Rey | Biblioteca Prof. Eusebio Cleto del Rey | 07/04/2026 | 657.62 C547 | L20316 | 07/04/2026 | 07/04/2026 | Libro | ||||||
| Biblioteca Prof. Eusebio Cleto del Rey | Biblioteca Prof. Eusebio Cleto del Rey | 07/04/2026 | 657.62 C547 | L20035 | 07/04/2026 | 07/04/2026 | Libro |